| 000 | 00522nam a22001697a 4500 | ||
|---|---|---|---|
| 010 | _aENG-120259 | ||
| 020 | _c395.00 | ||
| 035 | _aEN-103791 | ||
| 037 | _bDBAD /PUB | ||
| 082 | _a954.1470099 | ||
| 100 | _a. | ||
| 245 |
_aA world elsewhere : _cedited by Jatindra Kumar Nayak _bimage of Kolkata in Oriya autobiographies/ |
||
| 260 |
_aBhubaneswar _bGrasspots _c2016 |
||
| 270 |
_a718/1,Rasulgarh _bBhubaneswar (Orissa) _e751010 |
||
| 300 |
_a172p. _c22cm(pbk) |
||
| 942 |
_2ddc _cEN _h954.1470099 _mWOR |
||
| 999 |
_c144348 _d144348 |
||